City-Country quiz - Statistics

General Stats
  • This quiz has been taken 28 times
  • The average score is 13 of 15
Answer Stats
Hint Answer % Correct
Naples Italy
100%
Birmingham UK
100%
Sao Paulo Brazil
96%
Wellington New Zealand
96%
Johannesburg South Africa
96%
Portland USA
96%
Ho chi min city Vietnam
92%
Alexandria Egypt
88%
Perth Australia
85%
Lagos Nigeria
85%
Karachi Pakistan
85%
Volgograd Russia
85%
Gothenburg Sweden
77%
Regina Canada
69%
Dar es Salaam Tanzania
69%
No matching quizzes found
Score Distribution
Percent of People with Each Score
Percentile by Number Answered
Your Score History
You have not taken this quiz